| 000 | 01192nam a2200313 a 4500 | ||
|---|---|---|---|
| 001 | ELB68029 | ||
| 003 | FlNmELB | ||
| 006 | m o d | | ||
| 007 | cr cn||||||||| | ||
| 008 | 201212r2008 cl |||||s|||||||||||spa d | ||
| 020 | _z9789562846059 | ||
| 035 | _a(MiAaPQ)EBC3204220 | ||
| 035 | _a(Au-PeEL)EBL3204220 | ||
| 035 | _a(CaPaEBR)ebr10625378 | ||
| 035 | _a(OCoLC)1010725872 | ||
| 040 |
_aFlNmELB _bspa _cFlNmELB |
||
| 050 | 4 |
_aHD9506.C52 _bP371 2008 |
|
| 082 | 0 | 4 |
_a338.20983 _222 |
| 100 | 1 | _aPederson, Leland R. | |
| 245 | 1 | 3 |
_aLa industria minera del Norte Chico, Chile _h[recurso electronico] : _bdesde la conquista a 1963 / _cLeland R. Pederson ; traducción Marco Soto. |
| 260 |
_aSantiago de Chile : _bRIl. editores, _c2008. |
||
| 300 | _a331 p. | ||
| 533 | _aRecurso electrónico. Santa Fe, Arg.: e-libro, 2015. Disponible vía World Wide Web. El acceso puede estar limitado para las bibliotecas afiliadas a e-libro. | ||
| 650 | 4 |
_aIndustria minera _zChile _zNorte Chico _xHistoria. |
|
| 650 | 0 |
_aMines and mineral resources _zChile _xHistory. |
|
| 655 | 4 | _aLibros electrónicos. | |
| 710 | 2 | _ae-libro, Corp. | |
| 856 | 4 | 0 | _uhttps://elibro.net/ereader/usam/68029 |
| 999 |
_c152692 _d152692 |
||